[Event "59. BEM 2005"]
[Site "Dortmund"]
[Date "2005.03.10"]
[Round "6"]
[White "Sonntag, Joachim"]
[Black "Woestmann, Ulrich"]
[Result "0-1"]
[WhiteElo "1757"]
[BlackElo "2017"]
[PlyCount "52"]
[EventDate "2005.??.??"]
[Source "SG Dortmund"]
[SourceDate "2004.12.16"]

1. e4 d5 2. exd5 Qxd5 3. Nc3 Qa5 4. d4 Bf5 5. Nf3 Nf6 6. Bd2 c6 7. Bc4 e6 8. a3
Qc7 9. O-O Nbd7 10. Re1 Nb6 11. Ne5 Nxc4 12. Nxc4 Rd8 13. Ne2 Nd5 14. Ng3 Bg6
15. Ne3 Nxe3 16. Bxe3 Be7 17. Qd2 O-O 18. Bf4 Qd7 19. Rad1 c5 20. c3 cxd4 21.
Qxd4 Qb5 22. Qxa7 Bc5 23. a4 Rxd1 24. Rxd1 Qb3 25. Qxc5 Qxd1+ 26. Nf1 Bd3 0-1

[Event "59. BEM 2005"]
[Site "Dortmund"]
[Date "2005.03.10"]
[Round "6"]
[White "Starp, Klaus"]
[Black "Schultz, Bernfried"]
[Result "1-0"]
[WhiteElo "1912"]
[BlackElo "1717"]
[PlyCount "61"]
[EventDate "2005.??.??"]
[Source "SG Dortmund"]
[SourceDate "2004.12.16"]

1. e4 d6 2. d4 Nf6 3. Nc3 g6 4. f4 Bg7 5. Nf3 c5 6. dxc5 Qa5 7. Bd3 Qxc5 8. Qe2
O-O 9. Be3 Qa5 10. O-O Bg4 11. h3 Bxf3 12. Qxf3 Nc6 13. a3 a6 14. g4 e6 15. Kh1
Nd7 16. Bd2 Rac8 17. Rab1 Qc7 18. f5 Nce5 19. Qg3 Nxd3 20. cxd3 Qc6 21. Qh4 d5
22. f6 Bh8 23. exd5 exd5 24. g5 Nc5 25. d4 Nb3 26. Rbd1 Qc4 27. Rf4 Rfe8 28.
Qh6 Qd3 29. Be1 Qc2 30. Rh4 Bxf6 31. gxf6 1-0

[Event "59. BEM 2005"]
[Site "Dortmund"]
[Date "2005.03.10"]
[Round "6"]
[White "Krüger, Georg"]
[Black "Gorzinski, Dariusz"]
[Result "1/2-1/2"]
[WhiteElo "1706"]
[BlackElo "1885"]
[PlyCount "54"]
[EventDate "2005.??.??"]
[Source "SG Dortmund"]
[SourceDate "2004.12.16"]

1. e4 d6 2. d4 Nf6 3. Nc3 g6 4. Nf3 Bg7 5. h3 O-O 6. Be3 c6 7. a4 Qc7 8. Be2 e5
9. O-O Rd8 10. Qd2 exd4 11. Nxd4 d5 12. exd5 Nxd5 13. Nxd5 Rxd5 14. c3 c5 15.
Nb5 Qd8 16. Qxd5 Qxd5 17. Nc7 Qc6 18. Nxa8 Be6 19. Rfd1 Nd7 20. Bb5 Qc8 21. Rd2
Ne5 22. Rad1 Bf6 23. Bf4 Nc4 24. Bxc4 Bxc4 25. Nc7 Bb3 26. Re1 Bxa4 27. Rde2
Kg7 1/2-1/2

[Event "59. BEM 2005"]
[Site "Dortmund"]
[Date "2005.03.10"]
[Round "6"]
[White "Ziemek, Gerhard"]
[Black "Büchle, Manfred"]
[Result "0-1"]
[WhiteElo "1694"]
[BlackElo "1874"]
[PlyCount "82"]
[EventDate "2005.??.??"]
[Source "SG Dortmund"]
[SourceDate "2004.12.16"]

1. d4 d5 2. Nc3 e6 3. e4 Bb4 4. Bd3 c5 5. Nf3 c4 6. Be2 dxe4 7. Nd2 Nf6 8. Nxc4
Nc6 9. Be3 Nd5 10. O-O Nxc3 11. bxc3 Bxc3 12. Rb1 O-O 13. Nd2 f5 14. Nb3 f4 15.
Bd2 Bxd4 16. Nxd4 Nxd4 17. Bb4 f3 18. Bc4 Qg5 19. g3 Rd8 20. Qc1 Qg4 21. Kh1 b5
22. Bb3 Qh3 23. Rg1 Ne2 24. Be7 Nxg1 25. Qxg1 Re8 26. Bc5 Bb7 27. Be3 a5 28. a4
b4 29. Bc4 Bd5 30. Bf1 Qg4 31. Bb5 Rec8 32. Qd1 Bc4 33. Qd7 Qh3 34. Rg1 Rd8 35.
Qc6 Rac8 36. Qb7 e5 37. Qxe4 Qe6 38. Bxc4 Rxc4 39. Qxf3 Rxc2 40. Qb7 Qd5+ 41.
Qxd5+ Rxd5 0-1

[Event "59. BEM 2005"]
[Site "Dortmund"]
[Date "2005.03.10"]
[Round "6"]
[White "Raskin, Vitali"]
[Black "Barskij, Aleksandr"]
[Result "0-1"]
[WhiteElo "1670"]
[BlackElo "1825"]
[PlyCount "102"]
[EventDate "2005.??.??"]
[Source "SG Dortmund"]
[SourceDate "2004.12.16"]

1. d4 d5 2. c4 e6 3. Nc3 c6 4. a3 Nf6 5. Bg5 Nbd7 6. e3 Be7 7. Nf3 O-O 8. Bd3
h6 9. Bh4 b6 10. O-O Bb7 11. cxd5 Nxd5 12. Bxe7 Qxe7 13. Rc1 c5 14. Nxd5 Bxd5
15. e4 Bb7 16. Bb1 e5 17. d5 Nf6 18. Re1 Ne8 19. Qa4 Nd6 20. Qc2 Rae8 21. Nd2
Ba6 22. h3 g6 23. Qa4 Bb5 24. Qb3 Qd7 25. Qg3 Qe7 26. f4 exf4 27. Qxf4 Qg5 28.
Qxg5 hxg5 29. b3 f6 30. Nf3 Nf7 31. e5 Nxe5 32. Nxe5 Rxe5 33. Rxe5 fxe5 34.
Bxg6 Kg7 35. Bh5 Kf6 36. Rd1 e4 37. Kf2 Ke5+ 38. Ke3 Rd8 39. Bf7 Bd3 40. Rd2 b5
41. Be6 Rf8 42. Rb2 Rf1 43. Rf2 Rxf2 44. Kxf2 Bc2 45. b4 c4 46. Ke3 c3 47. Bf7
Bd3 48. g3 c2 49. Kd2 e3+ 50. Kxe3 c1=Q+ 51. Kxd3 Qf1+ 0-1

[Event "59. BEM 2005"]
[Site "Dortmund"]
[Date "2005.03.10"]
[Round "6"]
[White "Hardt, Helmut"]
[Black "Klein, Hans-Joachim"]
[Result "1-0"]
[WhiteElo "1823"]
[BlackElo "1709"]
[PlyCount "152"]
[EventDate "2005.??.??"]
[Source "SG Dortmund"]
[SourceDate "2004.12.16"]

1. e4 e5 2. Nf3 Nc6 3. Bb5 Bc5 4. O-O d6 5. d4 exd4 6. Nxd4 Bd7 7. Nf5 Qf6 8.
Nc3 Nge7 9. Nxe7 Nxe7 10. e5 Qf5 11. exd6 Bxd6 12. Bxd7+ Qxd7 13. Ne4 O-O-O 14.
Be3 Qc6 15. Qf3 f6 16. c4 Ng6 17. Qf5+ Kb8 18. f3 Rhe8 19. Qa5 b6 20. Qa6 Re5
21. c5 Bxc5 22. Bxc5 f5 23. Rad1 Rde8 24. Rd6 cxd6 25. Bxd6+ Ka8 26. Bxe5 Rxe5
27. Rd1 Re8 28. Nc3 Qe6 29. Nd5 Qc6 30. b4 Qb7 31. Qd3 f4 32. a4 Ne5 33. Qd4 g5
34. Nf6 Nc6 35. Qd5 Rc8 36. b5 Na5 37. Qxb7+ Nxb7 38. Nxh7 Nc5 39. Ra1 Nb3 40.
Rd1 Rc5 41. h3 Re5 42. Nf6 Nc5 43. Rd4 Re3 44. Ne4 Nd3 45. Kh2 Ne1 46. Rd5 Re2
47. Nxg5 Nc2 48. h4 Ne3 49. Rd8+ Kb7 50. Rd7+ Kc8 51. Rf7 Rxg2+ 52. Kh1 Ra2 53.
Rxf4 Nf1 54. Ne4 Kd8 55. Kg1 Ne3 56. h5 Rg2+ 57. Kh1 Rg7 58. Kh2 Rh7 59. Nf6
Rh6 60. Kg3 Rh8 61. Rd4+ Ke7 62. Nd5+ Nxd5 63. Rxd5 Ke6 64. Rg5 Kf6 65. Kg4 Rd8
66. h6 Rd4+ 67. f4 Rd1 68. Rh5 Rg1+ 69. Kf3 Rg8 70. f5 Ke5 71. h7 Rh8 72. Kg4
Kf6 73. Rh6+ Kg7 74. Kg5 Kf7 75. Rc6 Rxh7 76. Rc7+ Kg8 1-0

[Event "59. BEM 2005"]
[Site "Dortmund"]
[Date "2005.03.10"]
[Round "6"]
[White "Grube, Jörg"]
[Black "Kolodziej, Dennis"]
[Result "1/2-1/2"]
[WhiteElo "1819"]
[BlackElo "1644"]
[PlyCount "91"]
[EventDate "2005.??.??"]
[Source "SG Dortmund"]
[SourceDate "2004.12.16"]

1. e4 d6 2. d4 c6 3. Nc3 Qc7 4. f4 Nf6 5. e5 dxe5 6. fxe5 Nd5 7. Bc4 Be6 8. Qf3
Qd7 9. Ne4 Nf4 10. Bxe6 Nxe6 11. c3 Na6 12. Nh3 f6 13. Be3 O-O-O 14. O-O Qd5
15. exf6 exf6 16. b4 h6 17. a4 Ng5 18. Nhxg5 hxg5 19. b5 Rh4 20. bxa6 Qxe4 21.
axb7+ Kxb7 22. Rab1+ Kc7 23. Qe2 Bd6 24. h3 Re8 25. Rfe1 Bg3 26. Qa6 Bxe1 27.
Qxa7+ Kd6 28. Qc5+ Ke6 29. Rxe1 Qd5 30. Bf2+ Re4 31. Rxe4+ Qxe4 32. a5 Qb1+ 33.
Kh2 Qb5 34. d5+ Kf5 35. dxc6+ Qxc5 36. Bxc5 Rc8 37. a6 Rxc6 38. a7 Ra6 39. Kg3
Ke4 40. Bd4 f5 41. Kf2 Ra2+ 42. Kg3 g6 43. Bf2 Kd3 44. Bd4 Ke4 45. Bf2 Kd3 46.
Bd4 1/2-1/2

[Event "59. BEM 2005"]
[Site "Dortmund"]
[Date "2005.03.10"]
[Round "6"]
[White "Krause, Dieter"]
[Black "Völler, Lothar"]
[Result "0-1"]
[WhiteElo "1835"]
[BlackElo "1565"]
[PlyCount "134"]
[EventDate "2005.??.??"]
[Source "SG Dortmund"]
[SourceDate "2004.12.16"]

1. d4 d5 2. c4 dxc4 3. Nf3 Nf6 4. g3 e6 5. Bg2 c5 6. O-O Nc6 7. Ne5 Nxe5 8.
dxe5 Qxd1 9. Rxd1 Nd7 10. f4 Be7 11. Na3 Nb6 12. Bd2 O-O 13. Ba5 Nd5 14. Nxc4
b6 15. Be1 Ba6 16. b3 Rad8 17. Kf2 f5 18. Rd2 g5 19. e3 gxf4 20. exf4 h5 21.
Rad1 Bb7 22. Bf3 h4 23. Rd3 hxg3+ 24. hxg3 Kg7 25. Ne3 Nxe3 26. Rxd8 Nxd1+ 27.
Rxd1 Bxf3 28. Kxf3 Rd8 29. Rxd8 Bxd8 30. a4 Kg6 31. g4 fxg4+ 32. Kxg4 a6 33.
Bd2 b5 34. axb5 axb5 35. Bc3 Be7 36. Bb2 c4 37. bxc4 bxc4 38. Bc3 Ba3 39. Kf3
Kf5 40. Ba1 Bc1 41. Bd4 Bxf4 42. Ke2 Bxe5 43. Bc5 Ke4 44. Bb4 Bf4 45. Bc3 Be5
46. Bb4 Bd4 47. Ba5 e5 48. Bb4 Kd5 49. Bf8 e4 50. Be7 c3 51. Kd1 Kc4 52. Kc2
Bf2 53. Bf6 Be1 54. Bg5 Bf2 55. Bf6 Bd4 56. Bd8 e3 57. Bg5 e2 58. Bh4 Be3 59.
Be1 Bd4 60. Bh4 Bf6 61. Bf2 Be7 62. Be1 Bb4 63. Bf2 Ba3 64. Be1 Bb2 65. Bf2 Ba1
66. Bh4 Kd4 67. Be1 Ke3 0-1

[Event "59. BEM 2005"]
[Site "Dortmund"]
[Date "2005.03.10"]
[Round "6"]
[White "Kartsev, Alexandr"]
[Black "Kleymann, Jelena"]
[Result "0-1"]
[WhiteElo "1494"]
[BlackElo "1848"]
[PlyCount "92"]
[EventDate "2005.??.??"]
[Source "SG Dortmund"]
[SourceDate "2004.12.16"]

1. f4 d5 2. Nf3 c5 3. g3 e6 4. Bg2 Nf6 5. O-O Bd6 6. d3 O-O 7. Nc3 Qb6 8. Kh1
Rd8 9. Qe1 d4 10. Ne4 Nxe4 11. dxe4 Nc6 12. e5 Bf8 13. c3 Bd7 14. cxd4 cxd4 15.
a3 a5 16. e3 Bc5 17. exd4 Nxd4 18. Nxd4 Bxd4 19. Rb1 Bc6 20. Be4 Qb5 21. Rf3
Bb6 22. Kg2 Rac8 23. Bxc6 Qxc6 24. Qe2 Qc2 25. Qxc2 Rxc2+ 26. Kh3 Bg1 27. Rb3
Rxh2+ 28. Kg4 h5+ 29. Kg5 Bc5 30. Rxb7 Kf8 31. f5 Rh1 32. f6 Rxc1 33. Rxc1 Be3+
34. Kxh5 Bxc1 35. Rb5 gxf6 36. Rxa5 Bxb2 37. exf6 Rd5+ 38. Rxd5 exd5 39. a4
Bxf6 40. a5 Bd4 41. Kg4 Ba7 42. Kf5 d4 43. Ke4 Ke7 44. g4 Kf6 45. a6 Kg5 46.
Kf3 d3 0-1

[Event "59. BEM 2005"]
[Site "Dortmund"]
[Date "2005.03.10"]
[Round "6"]
[White "Volmer, Martin"]
[Black "Werner, Patrick"]
[Result "1/2-1/2"]
[WhiteElo "1772"]
[BlackElo "1425"]
[PlyCount "52"]
[EventDate "2005.??.??"]
[Source "SG Dortmund"]
[SourceDate "2004.12.16"]

1. d4 d5 2. c4 e6 3. Nc3 Nf6 4. Bg5 Be7 5. cxd5 exd5 6. Qc2 O-O 7. Nf3 c6 8. e3
h6 9. Bh4 Bg4 10. Ne5 Bh5 11. Bd3 Nbd7 12. f4 Ng4 13. Bxe7 Qxe7 14. Nxg4 Bxg4
15. Kf2 Rae8 16. Rae1 Nf6 17. h3 Bc8 18. g3 Qd6 19. Kg2 Re7 20. Qf2 Rfe8 21. g4
Bxg4 22. hxg4 Nxg4 23. Qg3 Nxe3+ 24. Kf2 Qf6 25. Ne2 c5 26. dxc5 Qxb2 1/2-1/2

[Event "59. BEM 2005"]
[Site "Dortmund"]
[Date "2005.03.10"]
[Round "6"]
[White "Flierdl, Lothar"]
[Black "Sellin, Reinhard"]
[Result "1/2-1/2"]
[WhiteElo "1634"]
[BlackElo "1509"]
[PlyCount "60"]
[EventDate "2005.??.??"]
[Source "SG Dortmund"]
[SourceDate "2004.12.16"]

1. d4 d5 2. Nf3 Nf6 3. c4 e6 4. Nc3 c6 5. Bg5 Nbd7 6. e3 h6 7. Bxf6 Nxf6 8. Bd3
Bd6 9. O-O O-O 10. Rc1 Re8 11. e4 e5 12. cxd5 exd4 13. Nxd4 cxd5 14. Nxd5 Nxe4
15. Bc4 Qh4 16. g3 Qh3 17. Re1 Bg4 18. Qd3 Nxf2 19. Qb3 Qh5 20. Re3 Nh3+ 21.
Kg2 Rxe3 22. Qxe3 Ng5 23. Nf4 Bxf4 24. Qxf4 Rd8 25. h4 Nh3 26. Bxf7+ Qxf7 27.
Qxg4 Nf4+ 28. Qxf4 Qxf4 29. gxf4 Rxd4 30. Kf3 Rd2 1/2-1/2

[Event "59. BEM 2005"]
[Site "Dortmund"]
[Date "2005.03.10"]
[Round "6"]
[White "Gegner, Michael"]
[Black "Noori, Mir Ahmad"]
[Result "1-0"]
[WhiteElo "1397"]
[BlackElo "1627"]
[PlyCount "95"]
[EventDate "2005.??.??"]
[Source "SG Dortmund"]
[SourceDate "2004.12.16"]

1. d4 e6 2. e4 d6 3. f4 g6 4. Nf3 Bg7 5. Bd3 Ne7 6. O-O d5 7. e5 O-O 8. Nbd2 b6
9. Rf2 Ba6 10. Bxa6 Nxa6 11. Nf1 c5 12. c3 cxd4 13. cxd4 Nc7 14. a4 f5 15. exf6
Bxf6 16. Ne5 Ne8 17. Qg4 Ng7 18. Be3 Nef5 19. Re2 Rc8 20. Qf3 Bxe5 21. dxe5 Qd7
22. g4 Ne7 23. Bd2 Nc6 24. Qd3 Ne7 25. b3 Rf7 26. Rf2 Nc6 27. Ne3 Rcf8 28. Nc2
Nxe5 29. Qg3 Nc6 30. Rd1 Rc8 31. Bc1 Na5 32. Nd4 Nc6 33. Nb5 a6 34. Nc3 Na5 35.
Ne2 Qc7 36. Bb2 Qc2 37. Rc1 Qxb3 38. Rxc8+ Rf8 39. Rxf8+ Kxf8 40. Qxb3 Nxb3 41.
Bd4 Nc5 42. a5 Ne4 43. axb6 Nd6 44. Be5 Nge8 45. Nd4 Ke7 46. Ra2 Nb7 47. Rxa6
Kd7 48. Ra7 1-0

[Event "59. BEM 2005"]
[Site "Dortmund"]
[Date "2005.03.10"]
[Round "6"]
[White "Morgenroth, Hubertus"]
[Black "Schaefer, Ulrich"]
[Result "1-0"]
[WhiteElo "1724"]
[BlackElo "1475"]
[PlyCount "35"]
[EventDate "2005.??.??"]
[Source "SG Dortmund"]
[SourceDate "2004.12.16"]

1. e4 e5 2. Nf3 Nf6 3. Nxe5 d6 4. Nf3 Nxe4 5. d3 Nf6 6. Be2 d5 7. O-O Nc6 8.
Nc3 Bf5 9. Bf4 d4 10. Nb5 Nd5 11. Bg5 f6 12. Bd2 a6 13. Nbxd4 Nxd4 14. Nxd4 Bd7
15. Bg4 Be7 16. Ne6 Bxe6 17. Bxe6 Qd6 18. Qh5+ 1-0

[Event "59. BEM 2005"]
[Site "Dortmund"]
[Date "2005.03.10"]
[Round "6"]
[White "Ruchay, Dietrich"]
[Black "Orlowski, Wilfried"]
[Result "0-1"]
[WhiteElo "1460"]
[BlackElo "1611"]
[PlyCount "120"]
[EventDate "2005.??.??"]
[Source "SG Dortmund"]
[SourceDate "2004.12.16"]

1. Nf3 d5 2. d4 e6 3. c4 Bb4+ 4. Bd2 Bxd2+ 5. Nbxd2 Nf6 6. e3 O-O 7. Bd3 dxc4
8. Bxc4 a6 9. O-O Nbd7 10. Rc1 Re8 11. Qc2 c6 12. Bd3 h6 13. Nc4 Nb6 14. Rfe1
Nbd5 15. a3 Qc7 16. Nce5 Re7 17. Qd2 Nd7 18. Nxd7 Bxd7 19. Ne5 Be8 20. e4 Nf6
21. Nf3 Rd8 22. e5 Nd5 23. b4 Red7 24. b5 axb5 25. Bxb5 Qb6 26. Bc4 Ne7 27. Rb1
Qa7 28. Qb4 Nf5 29. Qc5 b5 30. Qxa7 Rxa7 31. Bf1 Nxd4 32. Nxd4 Rxd4 33. Rb3
Raa4 34. g3 Ra5 35. Rc3 Rda4 36. Bg2 Rxa3 37. Rxa3 Rxa3 38. Rd1 Kf8 39. Rc1 Ra6
40. Bf1 Rb6 41. f4 Ke7 42. Kf2 Kd7 43. Ke3 Kc7 44. Kd4 Rb8 45. Kc5 Rd8 46. Rc2
Rd5+ 47. Kb4 Kb6 48. Bg2 c5+ 49. Kc3 Rd4 50. Ra2 b4+ 51. Kc2 Bb5 52. Ra8 Be2
53. Rb8+ Ka5 54. Ra8+ Kb5 55. Rb8+ Kc4 56. Bc6 b3+ 57. Kb2 Rd2+ 58. Kc1 Rc2+
59. Kb1 Kc3 60. Be4 Rd2 0-1

[Event "59. BEM 2005"]
[Site "Dortmund"]
[Date "2005.03.10"]
[Round "6"]
[White "Skoecz, Horst"]
[Black "Raszelenberg, Patrick"]
[Result "1/2-1/2"]
[WhiteElo "1455"]
[BlackElo "1585"]
[PlyCount "135"]
[EventDate "2005.??.??"]
[Source "SG Dortmund"]
[SourceDate "2004.12.16"]

1. e4 c5 2. Bc4 d6 3. c3 Nf6 4. d3 e6 5. Nf3 Be7 6. Bb5+ Nbd7 7. e5 dxe5 8.
Nxe5 O-O 9. Ng4 Nd5 10. O-O a6 11. Bxd7 Bxd7 12. Ne5 Be8 13. d4 Qc7 14. Nf3 b5
15. dxc5 Rd8 16. Qe2 Bxc5 17. Nbd2 Nf4 18. Qe5 Bd6 19. Qe1 Bc6 20. Ne4 Nd3 21.
Qe2 Nxc1 22. Raxc1 Be7 23. Qe3 Bd5 24. a3 h6 25. Ned2 Bc5 26. Qe5 Bd6 27. Qe1
Bf4 28. Rd1 f5 29. g3 Bd6 30. Nd4 e5 31. N4f3 Bb7 32. Qe2 Qc6 33. Rfe1 Rfe8 34.
Kf1 Bc5 35. b4 Bb6 36. Rc1 e4 37. Nd4 Qd5 38. Qe3 Bxd4 39. cxd4 Qxd4 40. Nb3
Qxe3 41. Rxe3 Bd5 42. Na5 g5 43. Rc7 Rc8 44. Rec3 Bc4+ 45. R7xc4 bxc4 46. Nb7
Rc6 47. Nc5 a5 48. Rxc4 axb4 49. axb4 Rec8 50. Rd4 Rxc5 51. bxc5 Rxc5 52. g4
Re5 53. gxf5 Kg7 54. Kg2 h5 55. Kg3 Kf6 56. h4 Kxf5 57. hxg5 Kxg5 58. f4+ exf3
59. Kxf3 Ra5 60. Kg2 Ra3 61. Kh2 h4 62. Rb4 Rf3 63. Kg2 Re3 64. Kh2 Re2+ 65.
Kh3 Rd2 66. Rb5+ Kf4 67. Rb4+ Kf3 68. Kxh4 1/2-1/2

[Event "59. BEM 2005"]
[Site "Dortmund"]
[Date "2005.03.10"]
[Round "6"]
[White "Wiemann, Peter"]
[Black "Mueller, Siegfried"]
[Result "0-1"]
[WhiteElo "1581"]
[BlackElo "1434"]
[PlyCount "56"]
[EventDate "2005.??.??"]
[Source "SG Dortmund"]
[SourceDate "2004.12.16"]

1. e4 c5 2. Nf3 Nc6 3. d4 cxd4 4. Nxd4 Nf6 5. Nc3 e6 6. a3 Be7 7. f4 d6 8. Bc4
a6 9. Be3 O-O 10. O-O Qc7 11. Ba2 Re8 12. Qf3 Bd7 13. Rad1 Nxd4 14. Bxd4 e5 15.
Be3 Bg4 16. Qf2 Bxd1 17. Rxd1 Ng4 18. Qf3 Nxe3 19. Qxe3 Rac8 20. Bb3 Qc5 21.
Qxc5 Rxc5 22. fxe5 Rxe5 23. Bd5 b6 24. Rf1 Bf6 25. Bb7 Rc5 26. Na4 Rxc2 27. Bd5
Rec8 28. Nxb6 Bd4+ 0-1

[Event "59. BEM 2005"]
[Site "Dortmund"]
[Date "2005.03.10"]
[Round "6"]
[White "Werninghaus, Klaus-Peter"]
[Black "Schrimpl, Michael"]
[Result "0-1"]
[WhiteElo "1533"]
[BlackElo "1414"]
[PlyCount "106"]
[EventDate "2005.??.??"]
[Source "SG Dortmund"]
[SourceDate "2004.12.16"]

1. c4 Nf6 2. g3 c5 3. Bg2 Nc6 4. Nc3 e6 5. e4 d6 6. Nge2 Be7 7. O-O Bd7 8. d4
cxd4 9. Nxd4 Nxd4 10. Qxd4 e5 11. Qd3 a6 12. b3 Bc6 13. Nd5 Nxd5 14. exd5 Bd7
15. f4 exf4 16. Bxf4 Bg4 17. Rae1 O-O 18. Be3 Bh5 19. Be4 Bg6 20. Bxg6 hxg6 21.
Qd2 Qd7 22. Kg2 Rae8 23. Qf2 Bf6 24. Qf3 Re5 25. Re2 Rfe8 26. Rfe1 Rh5 27. Kh1
Kf8 28. c5 Rf5 29. Qg2 Ree5 30. Bf4 Rxe2 31. Qxe2 dxc5 32. Bd6+ Kg8 33. Qe8+
Qxe8 34. Rxe8+ Kh7 35. Bxc5 Rxd5 36. Bb6 Rd1+ 37. Kg2 Rd2+ 38. Kh3 Rxa2 39. Rf8
Rb2 40. Rxf7 Rxb3 41. Bc5 a5 42. Rd7 a4 43. Rd2 Rb2 44. Rd3 Rb3 45. Rd2 Bb2 46.
Rd8 b5 47. Kg2 a3 48. Ra8 b4 49. Kf1 Bc3 50. Ke2 Rb2+ 51. Kd3 a2 52. Kc4 Rxh2
53. Bxb4 a1=Q 0-1

[Event "59. BEM 2005"]
[Site "Dortmund"]
[Date "2005.03.10"]
[Round "6"]
[White "Baier, Jörg"]
[Black "Merle, Peter"]
[Result "1/2-1/2"]
[WhiteElo "1401"]
[BlackElo "1486"]
[PlyCount "39"]
[EventDate "2005.??.??"]
[Source "SG Dortmund"]
[SourceDate "2004.12.16"]

1. e4 e5 2. Nf3 d6 3. Bc4 Be7 4. d3 Nc6 5. c3 Bd7 6. Bb3 Nf6 7. O-O O-O 8. Re1
Bg4 9. Nbd2 a6 10. Nc4 Rb8 11. Ne3 Bxf3 12. Qxf3 Na5 13. Bc2 Qd7 14. b4 Nc6 15.
Nf5 Bd8 16. Bh6 Ne7 17. Bxg7 Nxf5 18. Bxf6 Bxf6 19. Qxf5 Qxf5 20. exf5 1/2-1/2

[Event "59. BEM 2005"]
[Site "Dortmund"]
[Date "2005.03.10"]
[Round "6"]
[White "Martini, Heiko"]
[Black "Sroka, Andreas"]
[Result "1-0"]
[WhiteElo "1481"]
[BlackElo "1230"]
[PlyCount "65"]
[EventDate "2005.??.??"]
[Source "SG Dortmund"]
[SourceDate "2004.12.16"]

1. d4 Nf6 2. Nf3 d5 3. c4 e6 4. Bg5 Bb4+ 5. Nc3 dxc4 6. e4 O-O 7. Bxc4 h6 8. e5
hxg5 9. exf6 gxf6 10. Qd3 g4 11. Nd2 Re8 12. O-O a6 13. Bb3 c5 14. d5 b5 15.
Bc2 f5 16. Rfe1 c4 17. Qe3 Bxc3 18. Qxc3 Qxd5 19. Rad1 Qc6 20. Re2 Bb7 21. f3
Qc5+ 22. Kh1 b4 23. Qf6 c3 24. Qg5+ Kf8 25. Ne4 Bxe4 26. Bxe4 Qc4 27. Bd3 Qd5
28. fxg4 fxg4 29. Qxg4 Qxa2 30. Qxb4+ Kg7 31. Qxc3+ Kf8 32. Qb4+ Kg8 33. b3 1-0

[Event "59. BEM 2005"]
[Site "Dortmund"]
[Date "2005.03.10"]
[Round "6"]
[White "Rzoczek, Christoph"]
[Black "Dieckmann, Rudolf"]
[Result "1-0"]
[WhiteElo "1607"]
[BlackElo "1573"]
[PlyCount "103"]
[EventDate "2005.??.??"]
[Source "SG Dortmund"]
[SourceDate "2004.12.16"]

1. d4 d5 2. Nf3 Nf6 3. Nbd2 Bf5 4. e3 Nbd7 5. c4 dxc4 6. Bxc4 e6 7. O-O c6 8.
Qb3 b5 9. Bd3 Bg6 10. Bxg6 hxg6 11. e4 Qc7 12. e5 Nd5 13. Re1 Be7 14. Nf1 a5
15. Bg5 a4 16. Qd1 Bb4 17. Bd2 Qa5 18. a3 Bxd2 19. N3xd2 Qd8 20. Ne4 Qh4 21.
Qf3 Ke7 22. Rac1 Ra6 23. Rc2 f5 24. exf6+ gxf6 25. Qg3 Qxg3 26. Nfxg3 Rb6 27.
Ne2 Rh4 28. f3 g5 29. g3 Rh5 30. N2c3 Rh6 31. Nxd5+ cxd5 32. Nc3 Kd6 33. Kg2 e5
34. Ne2 Rc6 35. Rxc6+ Kxc6 36. Rc1+ Kd6 37. Rc2 Rh8 38. Nc3 Rb8 39. Ne2 Rb7 40.
h3 Rc7 41. Rxc7 Kxc7 42. h4 gxh4 43. gxh4 Kc6 44. h5 f5 45. h6 Nf8 46. dxe5 Kc5
47. Kg3 b4 48. axb4+ Kxb4 49. e6 Ng6 50. h7 Ne7 51. h8=Q f4+ 52. Nxf4 1-0

[Event "59. BEM 2005"]
[Site "Dortmund"]
[Date "2005.03.10"]
[Round "6"]
[White "Gennat, Egon L"]
[Black "Benke, Werner"]
[Result "0-1"]
[WhiteElo "1287"]
[BlackElo "1648"]
[PlyCount "142"]
[EventDate "2005.??.??"]
[Source "SG Dortmund"]
[SourceDate "2004.12.16"]

1. d4 d5 2. c4 e6 3. Nf3 Nf6 4. Nc3 Be7 5. e3 O-O 6. Bd3 a6 7. O-O dxc4 8. Bxc4
b5 9. Bd3 Bb7 10. Re1 Nbd7 11. Bc2 c5 12. b3 Rc8 13. Bb2 Qc7 14. Rc1 Rfd8 15.
Ng5 h6 16. Nge4 b4 17. Nxf6+ Nxf6 18. Ne2 Bd6 19. Ng3 cxd4 20. Bh7+ Kxh7 21.
Rxc7 Rxc7 22. Qd3+ Kg8 23. Rc1 Rcd7 24. Nf1 e5 25. f3 Nd5 26. exd4 Nf4 27. Qe3
exd4 28. Bxd4 Re7 29. Qd2 Ne2+ 30. Kh1 Nxc1 31. Qxc1 Bxh2 32. Bxg7 Bb8 33. Qxh6
f5 34. Bf6 Rh7 35. Qxh7+ Kxh7 36. Bxd8 Bd6 37. Kg1 Kg6 38. Ba5 Kf6 39. Ne3 Bc5
40. Kf2 f4 41. Bxb4 fxe3+ 42. Ke2 Bxb4 43. Kxe3 Ke5 44. g3 Bc5+ 45. Ke2 Bc6 46.
f4+ Ke4 47. Kd2 Bf2 48. Kc3 Bxg3 49. b4 Bxf4 50. a3 Be3 51. Kc4 Bc1 52. Kb3 Kd4
53. b5 Bxb5 54. a4 Bd7 55. Kb4 Bd2+ 56. Kb3 Bc6 57. Kc2 Bc3 58. Kb3 a5 59. Ka3
Kc4 60. Ka2 Kb4 61. Kb1 Bxa4 62. Ka2 Bd7 63. Kb1 a4 64. Ka2 a3 65. Kb1 Kb3 66.
Kc1 a2 67. Kd1 a1=Q+ 68. Ke2 Qe1+ 69. Kf3 Be5 70. Kg2 Qg3+ 71. Kf1 Bb5# 0-1

[Event "59. BEM 2005"]
[Site "Dortmund"]
[Date "2005.03.10"]
[Round "6"]
[White "Duschek, Günter"]
[Black "Pachura, Karl-Heinz"]
[Result "1-0"]
[WhiteElo "1719"]
[BlackElo "1274"]
[PlyCount "105"]
[EventDate "2005.??.??"]
[Source "SG Dortmund"]
[SourceDate "2004.12.16"]

1. d4 d5 2. Bf4 Nf6 3. h3 e6 4. e3 Nbd7 5. c3 c5 6. Bb5 c4 7. Nf3 a6 8. Ba4 b5
9. Bc2 Be7 10. Ne5 Nxe5 11. dxe5 Ne4 12. Nd2 Bb7 13. Nxe4 dxe4 14. Qg4 g6 15.
Rd1 Qa5 16. a3 O-O 17. O-O Rfd8 18. Bg5 Rxd1 19. Rxd1 h5 20. Qh4 Bf8 21. Bd8
Rxd8 22. Qxd8 Qxd8 23. Rxd8 Kg7 24. Kf1 a5 25. Rb8 Bc6 26. Ke2 Be7 27. Rb6 Be8
28. Bxe4 f5 29. Bc6 Bc5 30. Rb7+ Bf7 31. Be8 b4 32. Rxf7+ Kh6 33. axb4 axb4 34.
cxb4 Bxb4 35. h4 c3 36. bxc3 Bxc3 37. f4 Bb4 38. Rf6 Be7 39. Rxg6+ Kh7 40. g3
Bf8 41. Rxe6 Kg8 42. Bxh5 Bg7 43. Rg6 Kf7 44. e6+ Kf8 45. Rxg7 Kxg7 46. e7 Kf6
47. e8=Q Kg7 48. Qg6+ Kh8 49. Qf6+ Kg8 50. Bf7+ Kf8 51. Bg6+ Kg8 52. Qf7+ Kh8
53. Qh7# 1-0

[Event "59. BEM 2005"]
[Site "Dortmund"]
[Date "2005.03.10"]
[Round "6"]
[White "Krüger, Sven"]
[Black "Koch, Roland"]
[Result "0-1"]
[WhiteElo "1233"]
[BlackElo "1399"]
[PlyCount "50"]
[EventDate "2005.??.??"]
[Source "SG Dortmund"]
[SourceDate "2004.12.16"]

1. d4 d6 2. c4 Bf5 3. Nc3 Nd7 4. e4 Bg6 5. Bd3 e6 6. Nf3 Be7 7. O-O Nb6 8. Be3
c6 9. Rc1 Nf6 10. h3 O-O 11. Re1 Nfd7 12. b3 f5 13. exf5 Bxf5 14. Bxf5 exf5 15.
Bg5 Bxg5 16. Rc2 h6 17. Rce2 Qc7 18. Nxg5 hxg5 19. c5 dxc5 20. dxc5 Nxc5 21.
Re7 Qd8 22. Qh5 Qd6 23. Qxg5 Qf6 24. Qxf6 Rxf6 25. b4 Ncd7 0-1

[Event "59. BEM 2005"]
[Site "Dortmund"]
[Date "2005.03.10"]
[Round "6"]
[White "Rutmann, Ulrich"]
[Black "Hast, Stefan"]
[Result "1-0"]
[WhiteElo "1379"]
[BlackElo "1131"]
[PlyCount "97"]
[EventDate "2005.??.??"]
[Source "SG Dortmund"]
[SourceDate "2004.12.16"]

1. e4 d5 2. exd5 Qxd5 3. Nc3 Qa5 4. g3 Nf6 5. Bg2 c6 6. Nf3 Bg4 7. d3 e6 8. a3
Bc5 9. O-O Qc7 10. Bg5 Nbd7 11. Qd2 Nd5 12. Nxd5 cxd5 13. Rfe1 O-O 14. Bf4 Qd8
15. Qc3 Rc8 16. Qd2 Bxf3 17. Bxf3 Re8 18. d4 Bxd4 19. Qxd4 Rxc2 20. b3 Qb6 21.
Qxb6 Nxb6 22. Rac1 Rec8 23. Rxc2 Rxc2 24. Rc1 Rxc1+ 25. Bxc1 Nd7 26. Be3 b6 27.
b4 Ne5 28. Be2 Nc4 29. Bxc4 dxc4 30. b5 Kf8 31. Kf1 Ke7 32. Ke2 Kd6 33. Kd2 Kd5
34. Kc3 e5 35. a4 f5 36. f4 e4 37. h3 h5 38. Bd4 e3 39. Bxe3 Ke4 40. Bxb6 axb6
41. a5 bxa5 42. b6 a4 43. b7 Kf3 44. b8=Q Kxg3 45. Kxc4 Kxh3 46. Qe5 Kg4 47.
Kb4 h4 48. Qxg7+ Kxf4 49. Kxa4 1-0

[Event "59. BEM 2005"]
[Site "Dortmund"]
[Date "2005.03.10"]
[Round "6"]
[White "Kuckelke, Jürgen"]
[Black "Hansen, Jochen"]
[Result "1/2-1/2"]
[WhiteElo "1263"]
[BlackElo "1374"]
[PlyCount "31"]
[EventDate "2005.??.??"]
[Source "SG Dortmund"]
[SourceDate "2004.12.16"]

1. e4 c5 2. c3 d6 3. d4 cxd4 4. cxd4 Nf6 5. Nc3 a6 6. Bg5 e6 7. Nf3 Be7 8. e5
Nd5 9. Bxe7 Nxe7 10. g3 Qb6 11. Qd2 O-O 12. Bg2 Rd8 13. Na4 Qb5 14. Nc3 Qb6 15.
Na4 Qb5 16. Nc3 1/2-1/2